<?xml version="1.0" encoding="UTF-8"?>
<collection xmlns="http://www.loc.gov/MARC21/slim">
 <record>
  <leader>01677nam a2200349 a 4500</leader>
  <controlfield tag="001">12721645</controlfield>
  <controlfield tag="003">BD-DhAAL</controlfield>
  <controlfield tag="008">090906s2009    nyua     b    001 0 eng d</controlfield>
  <datafield tag="999" ind1=" " ind2=" ">
   <subfield code="c">3845</subfield>
   <subfield code="d">3845</subfield>
  </datafield>
  <datafield tag="010" ind1=" " ind2=" ">
   <subfield code="a">  2002025976</subfield>
  </datafield>
  <datafield tag="020" ind1=" " ind2=" ">
   <subfield code="a">0824706749 (alk. paper)</subfield>
  </datafield>
  <datafield tag="020" ind1=" " ind2=" ">
   <subfield code="a">9780824706746</subfield>
  </datafield>
  <datafield tag="040" ind1=" " ind2=" ">
   <subfield code="a">DLC</subfield>
   <subfield code="c">DLC</subfield>
   <subfield code="d">DLC</subfield>
  </datafield>
  <datafield tag="082" ind1="0" ind2="0">
   <subfield code="a">615/.1</subfield>
   <subfield code="2">22</subfield>
  </datafield>
  <datafield tag="245" ind1="0" ind2="0">
   <subfield code="a">Modern pharmaceutics /</subfield>
   <subfield code="c">edited by Gilbert S. Banker, Christopher T. Rhodes.</subfield>
  </datafield>
  <datafield tag="250" ind1=" " ind2=" ">
   <subfield code="a">Forth edition, rev. and expanded.</subfield>
  </datafield>
  <datafield tag="260" ind1=" " ind2=" ">
   <subfield code="a">New York :</subfield>
   <subfield code="b">Marcel Dekker,</subfield>
   <subfield code="c">c2009.</subfield>
  </datafield>
  <datafield tag="300" ind1=" " ind2=" ">
   <subfield code="a">xi, 838 pages :</subfield>
   <subfield code="b">illustrations ;</subfield>
   <subfield code="c">29 cm.</subfield>
  </datafield>
  <datafield tag="490" ind1="0" ind2=" ">
   <subfield code="a">Drugs and the pharmaceutical sciences ;</subfield>
   <subfield code="v">v. 121</subfield>
  </datafield>
  <datafield tag="504" ind1=" " ind2=" ">
   <subfield code="a">Includes bibliographical references and index.</subfield>
  </datafield>
  <datafield tag="541" ind1="1" ind2=" ">
   <subfield code="e">00019059</subfield>
  </datafield>
  <datafield tag="650" ind1=" " ind2="0">
   <subfield code="a">Drugs</subfield>
   <subfield code="x">Dosage forms.</subfield>
   <subfield code="9">43957</subfield>
  </datafield>
  <datafield tag="650" ind1=" " ind2="0">
   <subfield code="a">Pharmacy.</subfield>
   <subfield code="9">43958</subfield>
  </datafield>
  <datafield tag="650" ind1=" " ind2="0">
   <subfield code="a">Biopharmaceutics.</subfield>
   <subfield code="9">43959</subfield>
  </datafield>
  <datafield tag="650" ind1=" " ind2="0">
   <subfield code="a">Drugs</subfield>
   <subfield code="x">Administration.</subfield>
   <subfield code="9">43960</subfield>
  </datafield>
  <datafield tag="700" ind1="1" ind2=" ">
   <subfield code="a">Banker, Gilbert S.,</subfield>
   <subfield code="d">1931-</subfield>
   <subfield code="9">43961</subfield>
  </datafield>
  <datafield tag="700" ind1="1" ind2=" ">
   <subfield code="a">Rhodes, Christopher T.,</subfield>
   <subfield code="d">1937-</subfield>
   <subfield code="9">43962</subfield>
  </datafield>
  <datafield tag="852" ind1="4" ind2=" ">
   <subfield code="a">Ayesha Abed Library </subfield>
   <subfield code="j">General Shelf.</subfield>
  </datafield>
  <datafield tag="942" ind1=" " ind2=" ">
   <subfield code="2">ddc</subfield>
   <subfield code="c">BK</subfield>
  </datafield>
  <datafield tag="952" ind1=" " ind2=" ">
   <subfield code="0">0</subfield>
   <subfield code="1">0</subfield>
   <subfield code="2">ddc</subfield>
   <subfield code="4">0</subfield>
   <subfield code="6">615_100000000000000_MOD_2009</subfield>
   <subfield code="7">0</subfield>
   <subfield code="9">3498</subfield>
   <subfield code="a">BRACUL</subfield>
   <subfield code="b">BRACUL</subfield>
   <subfield code="c">GEN</subfield>
   <subfield code="d">2009-08-30</subfield>
   <subfield code="e">karim International</subfield>
   <subfield code="g">5760.00</subfield>
   <subfield code="l">1</subfield>
   <subfield code="m">14</subfield>
   <subfield code="o">615.1 MOD</subfield>
   <subfield code="p">3010019059</subfield>
   <subfield code="r">2014-02-25</subfield>
   <subfield code="s">2013-10-26</subfield>
   <subfield code="t">1</subfield>
   <subfield code="v">11520.00</subfield>
   <subfield code="w">2009-09-08</subfield>
   <subfield code="y">BK</subfield>
  </datafield>
  <datafield tag="952" ind1=" " ind2=" ">
   <subfield code="0">0</subfield>
   <subfield code="1">0</subfield>
   <subfield code="2">ddc</subfield>
   <subfield code="4">0</subfield>
   <subfield code="6">615_100000000000000_MOD_2009</subfield>
   <subfield code="7">0</subfield>
   <subfield code="9">3607</subfield>
   <subfield code="a">BRACUL</subfield>
   <subfield code="b">BRACUL</subfield>
   <subfield code="c">GEN</subfield>
   <subfield code="d">2009-08-30</subfield>
   <subfield code="e">karim International</subfield>
   <subfield code="g">5760.00</subfield>
   <subfield code="l">0</subfield>
   <subfield code="o">615.1 MOD</subfield>
   <subfield code="p">3010019060</subfield>
   <subfield code="r">2009-09-15</subfield>
   <subfield code="t">2</subfield>
   <subfield code="v">11520.00</subfield>
   <subfield code="w">2009-09-15</subfield>
   <subfield code="y">BK</subfield>
  </datafield>
  <datafield tag="952" ind1=" " ind2=" ">
   <subfield code="0">0</subfield>
   <subfield code="1">0</subfield>
   <subfield code="2">ddc</subfield>
   <subfield code="4">0</subfield>
   <subfield code="6">615_100000000000000_MOD_2009</subfield>
   <subfield code="7">0</subfield>
   <subfield code="9">3608</subfield>
   <subfield code="a">BRACUL</subfield>
   <subfield code="b">BRACUL</subfield>
   <subfield code="c">GEN</subfield>
   <subfield code="d">2009-08-30</subfield>
   <subfield code="e">karim International</subfield>
   <subfield code="g">5760.00</subfield>
   <subfield code="l">1</subfield>
   <subfield code="m">13</subfield>
   <subfield code="o">615.1 MOD</subfield>
   <subfield code="p">3010019061</subfield>
   <subfield code="r">2016-11-27</subfield>
   <subfield code="s">2016-08-16</subfield>
   <subfield code="t">3</subfield>
   <subfield code="v">11520.00</subfield>
   <subfield code="w">2009-09-15</subfield>
   <subfield code="y">BK</subfield>
  </datafield>
 </record>
</collection>
